ՀՀ Գիտությունների ազգային ակադեմիայի հիմնարար գիտական գրադարան  =   Fundamental Scientific Library of NAS RA

Հայաստանի գրողները տասնհինգամյակին : (Record no. 111957)

MARC details
000 -LEADER
fixed length control field 00826nam a2200193 a 4500
003 - CONTROL NUMBER IDENTIFIER
control field AM-YeHGA
040 ## - CATALOGING SOURCE
Original cataloging agency AM-YeHGA
090 ## - LOCALLY ASSIGNED LC-TYPE CALL NUMBER (OCLC); LOCAL CALL NUMBER (RLIN)
-- 113295
005 - DATE AND TIME OF LATEST TRANSACTION
control field 20250618071943.0
008 - FIXED-LENGTH DATA ELEMENTS--GENERAL INFORMATION
fixed length control field 040127s1935 ai 000 | arm d
041 0# - LANGUAGE CODE
Language code of text/sound track or separate title arm
245 00 - TITLE STATEMENT
Title Հայաստանի գրողները տասնհինգամյակին :
Remainder of title Գեղարվեստական ժողովածու /
Statement of responsibility, etc. Խմբ.՝ Դր. Սիմոնյան.
260 ## - PUBLICATION, DISTRIBUTION, ETC.
Place of publication, distribution, etc. Յերեվան :
Name of publisher, distributor, etc. Պետհրատ,
Date of publication, distribution, etc. 1935.
300 ## - PHYSICAL DESCRIPTION
Extent 410 էջ ;
Dimensions 20 սմ.
650 14 - SUBJECT ADDED ENTRY--TOPICAL TERM
Topical term or geographic name entry element Հայ գրականություն
General subdivision Ժողովածու
700 1# - ADDED ENTRY--PERSONAL NAME
Personal name Տեր-Սիմոնյան, Դրաստամատ Ասքանազի,
Dates associated with a name 1895-1937
Relator term խմբ., առաջաբ.
Relationship edt
-- aui
9 (RLIN) 2835
856 4# - ELECTRONIC LOCATION AND ACCESS
Uniform Resource Identifier <a href="https://arar.sci.am/dlibra/publication/292543/edition/268568/content">https://arar.sci.am/dlibra/publication/292543/edition/268568/content</a>
Link text Կարդալ առցանց
942 ## - ADDED ENTRY ELEMENTS (KOHA)
Source of classification or shelving scheme Universal Decimal Classification
Koha item type Գրքեր / Books
Holdings
Withdrawn status Lost status Damaged status Not for loan Collection Home library Current library Date acquired Total checkouts Full call number Barcode Date last seen Price effective from Koha item type Public note Source of classification or shelving scheme
        General Fundamental Scientific Library Fundamental Scientific Library 22/12/2016   AII/30838 220030838 22/12/2016 22/12/2016 Գրքեր / Books 30 Days Loan  
        General Fundamental Scientific Library Fundamental Scientific Library 22/12/2016   AII/30839 220030839 22/12/2016 22/12/2016 Գրքեր / Books 30 Days Loan  
        General Fundamental Scientific Library Fundamental Scientific Library 22/12/2016   AII/30840 220030840 22/12/2016 22/12/2016 Գրքեր / Books 30 Days Loan  
        Levonyan Individual Collection Fundamental Scientific Library Fundamental Scientific Library 22/12/2016   Лев/745 FL0387143 22/12/2016 22/12/2016 Գրքեր / Books ILL Non-Circ. Universal Decimal Classification


ՀՀ ԳԱԱ հիմնարար գիտական գրադարան
ՀՀ,Երևան 0019
Մարշալ Բաղրամյան 24/6
հեռախոս:(374-10) 52-47-50
Հետադարձ կապ

All site content, except where otherwise noted, is licensed under a
Creative Commons License